000 00589nam a2200205Ia 4500
005 20250508164634.0
008 008 250505s9999 xx 000 0 eng d
020 _a978-1-59311-611-8
037 _aTextual
040 _aFEDL
_beng
_cFEDL
041 _aeng
_2eng
084 _a808.042, CAN
_qFEDL
100 _aCanagarajah A Suresh
_9306683
245 0 _aGeopolitics of academic writing
260 _aNew Delhi, India
_bOrient Longman Private Limited
_c2002
300 _ax,332p.
365 _aINR
_b395
942 _cTEXL
_h808.042, CAN
999 _c1390278
_d1390278